Turbopascal 5.0 a 5.5 : Diferenčná príručka programátora /

Gespeichert in:
Bibliographische Detailangaben
Hauptverfasser: Frič, Pavol (Verfasst von), Dudová, Jana (Verfasst von)
Format: Buch
Sprache:Slowakisch
Veröffentlicht: Bratislava : STU v Bratislave, 1991
Ausgabe:1.vyd.
Tags: Tag hinzufügen
Keine Tags, Fügen Sie das erste Tag hinzu!

MARC

LEADER 00000nam a22000003a 4500
001 stu991
005 20150617225618.5
008 920110s1991----cs------------------slo-d
040 |a STU  |b slo 
041 0 |a slo 
044 |a cs 
080 |a 681.32.06 TURBO PASCAL 
080 |a 519.682 
100 1 |a Frič, Pavol  |4 aut 
245 1 |a Turbopascal 5.0 a 5.5 :  |b Diferenčná príručka programátora /  |c [aut.] Frič,Pavol; Dudová,Jana 
250 |a 1.vyd. 
260 |a Bratislava :  |b STU v Bratislave,  |c 1991 
300 |a 162 s 
700 1 |a Dudová, Jana  |4 aut 
996 |c I*S883  |l II680  |s A  |a 24  |w stu991_0002 
996 |b E75189  |c E*75189  |l EE01  |s A  |a 24  |w stu991_0003 
996 |b E75145  |c E*75145  |l EE04  |s P  |a 0  |w stu991_0004